Entrega de un importante premio de las Apuestas Benéficodeportivas
Descripción Física:
Il·lustracions
Colección:
San Jorge,
; núm. 14 (abril 1954), pàg 111
Idioma:
Español
MARC
| LEADER | 00000naa a2200000 a 4500 | ||
|---|---|---|---|
| 003 | Arxiu | ||
| 005 | 20260324181022.0 | ||
| 008 | 160829s1954 spcaxx s spa c | ||
| 040 | |a agdb | ||
| 245 | 0 | 0 | |a Entrega de un importante premio de las Apuestas Benéficodeportivas |
| 300 | |b Il·lustracions | ||
| 490 | |a San Jorge, |v núm. 14 (abril 1954), pàg 111 | ||
| 590 | |a El nom de la institució és: Organismo Nacional de loterias y apuestas del estado. | ||
| 590 | |a Guanyador: Manuel Comes Segura | ||
| 610 | 2 | 0 | |9 54552 |a Patronato de Apuestas Mutuas Deportivas Benéficas |
| 773 | |g Núm. 14 (abril 1954), pàg 111 |t San Jorge. | ||
| 901 | |a Arxiu | ||
| 942 | |n 1 |2 udc |c ART | ||
| 952 | |0 0 |1 0 |4 0 |6 REV509 |7 1 |9 64789 |a Arxiu |b Arxiu |d 2022-12-14 |l 0 |o Rev-509 |r 2022-12-14 00:00:00 |w 2022-12-14 |y ARXIU | ||
| 999 | |c 43697 |d 43697 | ||